MCU Characters Killed by the Snap - Statistics

General Stats
  • This quiz has been taken 145 times
    130 since last reset
  • The average score is 19 of 36
Answer Stats
Answer % Correct
Peter Parker
94%
Peter Quill
94%
T'Challa
94%
Bucky Barnes
92%
Groot
91%
Drax
90%
Sam Wilson
90%
Mantis
87%
Stephen Strange
84%
Wanda Maximoff
84%
Nick Fury
78%
Hope Van Dyne
73%
Janet Van Dyne
73%
Hank Pym
72%
Maria Hill
72%
Shuri
60%
Ned Leeds
59%
Michelle Jones
56%
May Parker
45%
Flash Thompson
38%
Wong
38%
Laura Barton
37%
Lila Barton
32%
Betty Brant
31%
Monica Rambeau
31%
Nathaniel Barton
31%
Cooper Barton
28%
Jane Foster
27%
Betty Ross
22%
Erik Selvig
22%
Thaddeus Ross
22%
Andre Wilson
18%
Lady Sif
10%
Jason Ionello
9%
Wilfred Nagel
5%
Sue Lorman
4%
No matching quizzes found
Score Distribution
Percent of People with Each Score
Percentile by Number Answered
Your Score History
You have not taken this quiz since the last reset